Top 20 UK Universities - Statistics

General Stats
  • This quiz has been taken 596 times
  • The average score is 10 of 20
Answer Stats
Hint Answer % Correct
1 Univeristy of Cambridge
99%
2 University of Oxford
99%
19 University of Edinburgh
76%
5 University College London
70%
6 Durham University
69%
4 University of St Andrews
65%
15 University of Birmingham
64%
3 London School of Economics
62%
9 Imperial College London
61%
16 University of York
55%
12 University of Exeter
54%
10 University of Warwick
53%
7 University of Bath
51%
14 Loughborough University
34%
13 University of Leicester
32%
11 University of Lancaster
30%
17 University of East Anglia
23%
8 University of Surrey
22%
20 University of Kent
19%
18 Heriot-Watt University
5%
No matching quizzes found
Score Distribution
Percent of People with Each Score
Percentile by Number Answered
Your Score History
You have not taken this quiz